000 00513nam a22001937a 4500
999 _c6476
_d6476
003 OSt
005 20200303132056.0
008 200123b ||||| |||| 00| 0 eng d
020 _a0521017084
040 _cDDC.
082 _a501
_bGAU 2002
100 _aGauch,Jr.G.Hugh;
_913313
245 _aScientific Method in Practice.
260 _aCambridge,
_bCambridge University Press.
_c2002.
300 _axiii,435p;
504 _aincludes references and index.
650 _aBiology.
_95602
942 _2ddc
_cO_SHELF